Responses for show #6420 - Friday, July 13, 2012

Contestants

[<< previous game]

Brian Mueller, an office administrator from Fountain City, Wisconsin

Liza Veeneman, a retired software developer from Aliso Viejo, California

A.J. Motley, a student of diagnostic sonography from Wylie, Texas (whose 2-day cash winnings total $56,002)

[next game >>]

Jeopardy! Round responses

GREAT BEGINNINGS
AGATHA CHRISTIE BOOKS
GUMBO
TV BUSINESSES
(Alex: We want you to name the show for us.)
IT'S THE TRUTH
"BULL"!
    $200 14
a motel

Brian
    $200 9
Murder

A.J.
    $200 6
the Luxor

Brian
    $200 1
Dallas

A.J.
    $200 21
(the ten) plagues (of Egypt)

Liza
    $200 26
(A.J.: What is a megaphone?)
(Alex: [Still amplifying his voice] You are right. No! You are not right. I've just fallen in love with this. Brian.)
(Brian: What is [*]?)
(Alex: [*], yes. The category is "BULL"!, A.J.) [Alex puts the device down]
[Laughter]
(Alex: Brian, you pick.)

a bullhorn

A.J.Brian
    $400 15
Dr. Phil (McGraw)

Brian
    $400 12
None

Liza
    $400 7
the Inca Empire

Brian
    $400 2
The Simpsons

Brian
    $400 22
(Brian: What is 4?)

7

A.J.Brian
    $400 27
a bulldozer

Brian
    $600 16
Harvard

Liza
    $600 13
The Mirror

Brian
    $600 8
brass tacks

Liza
    $600 3
Arrested Development

A.J.
    $600 23
Western Australia

Brian
    $600 28
Sandra Bullock

Brian
    $800 19
Sputnik

Liza
    $800 17
the library

Liza
    $800 10
Dorsey

A.J.
    $800 4
Smallville

A.J.
    $800 24
(Liza: What are one and two?)

12 and -12

Liza
Triple Stumper
    $800 29
bullfrogs

A.J.
    $2,000 20
(Liza: Um... what is...)
(Alex: Hurry.)
(Liza: What is the Department of Aeronautic...)

Energy Department

Liza
    $1000 18
the pigeon

Liza
    $1000 11
the binary system

Liza
    $1000 5
Breaking Bad

A.J.
    $1000 25
the Congressional Record

Liza
    $1000 30
(Alex: [With the bullhorn] And we're taking a break.)
[Laughter]
(Alex: I love this. I love this thing.)

bullion

A.J.

Scores at the first commercial break (after clue 15):

A.J. Liza Brian
$3,600 $2,000 $2,200

Scores at the end of the Jeopardy! Round:

A.J. Liza Brian
$5,600 $3,600 $3,600

Double Jeopardy! Round responses

FAMOUS ARIAS
SEARCHING "HI" & "LOW"
MECHANICALLY INCLINED
KATHY BATES GONE WILD
COUNTRY BY NEWSPAPERS
LAST SURVIVORS
    $400 2
Carmen

A.J.
    $400 11
hieroglyphics

Brian
    $400 14
(Liza: What is Little Orphan [*]?)
(Alex: No.)
(Liza: Or what's [*]?)
...
(Alex: I ruled against you, Liza, and then you changed your response. Sorry, we can't allow that.)

Annie

LizaBrian
    $400 1
South Africa

Brian
    $400 17
the sinking of the Titanic

Liza
    $800 7
Faust

Brian
    $800 12
the lowdown

Brian
    $800 18
(Alex: Yes, scary scene.)

Misery

Brian
    $800 3
Ireland

Brian
    $800 24
(Alex: Less than a minute to go now.)

Iwo Jima

A.J.
    $5,000 8
(Brian: What is the Barber of Seville?)

Figaro

Brian
    $1200 13
hibernate

Liza
    $1200 22
fly

A.J.
    $1200 19
Six Feet Under

A.J.
    $1,200 4
Belgium

Brian
    $1600 9
Verdi

Brian
    $1600 15
low blood pressure

A.J.
    $1600 23
a turbine

Brian
    $1600 20
Fried Green Tomatoes

Liza
    $1600 5
(A.J.: What is Japan?)

South Korea

A.J.Brian
    $1600 26
(the Battle of) the Alamo

Brian
    $2000 10
(Liza: What is il pagliaccio?)
(Brian: What is figli?)

ridi

LizaBrian
Triple Stumper
    $2000 16
a hiatus

A.J.
    $2000 27
(Brian: What is a spark plug?)
[The end-of-round signal sounds.]

a dynamo

Brian
Triple Stumper
    $2000 21
About Schmidt

A.J.
    $2000 6
Canada

Brian
    $2000 25
the Charge of the Light Brigade

Liza

Scores at the end of the Double Jeopardy! Round:

A.J. Liza Brian
$13,200 $6,400 $8,600

[wagering suggestions for these scores]

Final Jeopardy! Round responses

BRITISH HISTORY
(Alex: Versifacator Regis--of the king.)
...
(Alex: [To Liza] What is [*]--yes, indeed. Writing verses for the king.)
LizaWhat is Poet Laureate?
$6,400
BrianWhat is Prince Regent
$8,600
A.J.What is a [illegible symbol]
$4,601
Poet Laureate

Final scores:

A.J. Liza Brian
$8,599 $12,800 $0
2nd place: $2,000 New champion: $12,800 3rd place: $1,000

Game dynamics:

Coryat scores:

A.J. Liza Brian
$13,200 $8,400 $13,600
16 R,
2 W
13 R,
4 W
(including 1 DD)
23 R
(including 1 DD),
4 W
(including 1 DD)

Combined Coryat: $35,200

The J! Archive is created by fans, for fans. The Jeopardy! game show and all elements thereof, including but not limited to copyright and trademark thereto, are the property of Jeopardy Productions, Inc. and are protected under law. This website is not affiliated with, sponsored by, or operated by Jeopardy Productions, Inc. Join the discussion at JBoard.tv.